000 00708nam a22002177a 4500
005 20150717105212.0
010 _aENG-113227
020 _a9789380828626
_c325.00
035 _aEN-96759
037 _bDBAD/PUB
082 _a920
100 _aAguiar, Benny
245 _aIndira Gandhi :
_cBy Benny Aguiar
_ba political biography from 1966 to 1984 /
260 _aNew Delhi
_bVitasta Publishing
_c2012
270 _a2/15, Ansari Road, Daryaganj
_bNew Delhi
_e110002
300 _a214p.
_c22cm(pbk)
500 _a Includes bibliographical references and index.
600 _aGandhi, Indira,
_d1917-1984.
650 _aPrime ministers
_zIndia
_vBiography.
942 _2ddc
_cEN
_mGAN
_h920
999 _c93945
_d93945